REFLECTIVE practice in social work
Salvato in:
| Natura: | Libro |
|---|---|
| Lingua: | inglese |
| Pubblicazione: |
Sage
2016
|
| Tags: |
Aggiungi Tag
Nessun Tag, puoi essere il primo ad aggiungerne!!
|
MARC
| LEADER | 00000nam a22000007a 4500 | ||
|---|---|---|---|
| 008 | 201204b ||||| |||| 00| 0 eng d | ||
| 020 | |a 978-1-4739-5210-2 | ||
| 245 | |a REFLECTIVE practice in social work |c edited by Christine Knott and Terry Scragg |e Transforming social work practices |g viii, 192p.; ill. | ||
| 250 | |b 4th |c Christine Knott | ||
| 260 | |b Sage |c 2016 |h Los Angeles |i 692569, 692570 |l HV40 .R24 |m Reflection (Philosophy), Social service-Practice, Social service- Psychological aspects, Knott,Christine, Scragg, Terry, Series | ||
| 500 | |a It includes references and index | ||
| 942 | |a lcc |c BK |e Adeyeye, Y.S |f 04/12/20 | ||
| 952 | |0 0 |1 0 |2 lcc |4 0 |7 0 |9 22 |a HOL |b HOL |c GJ |d 2020-12-04 |l 0 |p 692569 |r 2020-12-04 00:00:00 |w 2020-12-04 |y BK | ||
| 952 | |0 0 |1 0 |2 lcc |4 0 |7 0 |9 23 |a HOL |b HOL |c GJ |d 2020-12-04 |l 0 |p 692570 |r 2020-12-04 00:00:00 |w 2020-12-04 |y BK | ||
| 999 | |c 15 |d 15 | ||